[Event "2.BLS 0506 SK Viernheim - OSC Baden Bad"]
[Site "?"]
[Date "2006.03.12"]
[Round "8.4"]
[White "Schmidt, Stefan"]
[Black "Srokowski, Yaroslav Mihajlovic"]
[Result "0-1"]
[WhiteElo "2234"]
[BlackElo "2428"]
[PlyCount "84"]
[EventDate "2006.??.??"]

1. e4 c5 2. Nf3 e6 3. c3 Nf6 4. e5 Nd5 5. d4 cxd4 6. cxd4 b6 7. Nc3 Nxc3 8.
bxc3 Qc7 9. Bd2 d6 10. Bd3 Nd7 11. O-O dxe5 12. Ng5 Bb7 13. Qh5 g6 14. Qh3 e4
15. Nxe4 Bg7 16. Rfe1 O-O 17. Rac1 Nf6 18. Ng5 Rfe8 19. Qh4 Rac8 20. Bf4 Qe7
21. Bb5 Bc6 22. Bxc6 Rxc6 23. Qh3 Rec8 24. Be5 h6 25. Bxf6 Qxf6 26. Ne4 Qf5 27.
Qd3 Qd5 28. Qa6 R8c7 29. Qa3 Kh7 30. h3 f5 31. Nd2 e5 32. Nb3 exd4 33. cxd4
Rxc1 34. Rxc1 Rxc1+ 35. Qxc1 a5 36. Qa3 Qc4 37. Qe7 a4 38. Nd2 Qxd4 39. Nf3
Qa1+ 40. Kh2 Qxa2 41. Nd4 Qb2 42. Ne6 Qf6 0-1

[Event "2.BLS 0506 SK Viernheim - OSC Baden Bad"]
[Site "?"]
[Date "2006.03.12"]
[Round "8.5"]
[White "Mutschnik, Illya"]
[Black "Martin, Stefan"]
[Result "1-0"]
[WhiteElo "2414"]
[BlackElo "2273"]
[PlyCount "63"]
[EventDate "2006.??.??"]

1. e4 c5 2. Nf3 Nc6 3. d4 cxd4 4. Nxd4 Nf6 5. Nc3 d6 6. Bg5 e6 7. Qd2 a6 8.
O-O-O Bd7 9. f3 b5 10. Kb1 Be7 11. Nxc6 Bxc6 12. h4 Qc7 13. Ne2 h6 14. Be3 d5
15. e5 Nd7 16. f4 Nc5 17. Nd4 Ne4 18. Qe1 Bd7 19. Bd3 b4 20. Bxe4 dxe4 21. Qg3
Rg8 22. Rd2 h5 23. Rhd1 Rd8 24. Qf2 Bc8 25. f5 exf5 26. Nxf5 Rxd2 27. Rxd2 Qxe5
28. Nxe7 Qxe7 29. Qg3 f6 30. Qg6+ Kf8 31. Bb6 Bd7 32. Rxd7 1-0

[Event "2.BLS 0506 SK Viernheim - OSC Baden Bad"]
[Site "?"]
[Date "2006.03.12"]
[Round "8.6"]
[White "Klee, Helmut"]
[Black "Nill, Jessica"]
[Result "1/2-1/2"]
[WhiteElo "2240"]
[BlackElo "2339"]
[PlyCount "68"]
[EventDate "2006.??.??"]

1. d4 d5 2. Nf3 c6 3. c4 Nf6 4. g3 g6 5. Bg2 Bg7 6. O-O O-O 7. cxd5 cxd5 8. Ne5
Nbd7 9. Nc3 Nb6 10. Qb3 Be6 11. Be3 Nfd7 12. Nd3 a5 13. Nf4 a4 14. Qb5 Nb8 15.
Ncxd5 Nxd5 16. Bxd5 Bxd5 17. Qxd5 Nc6 18. Qb5 Nxd4 19. Bxd4 Qxd4 20. Rab1 Rfd8
21. Nd3 Qe4 22. Nc5 Qe5 23. b4 axb3 24. Rxb3 Rxa2 25. Nxb7 Qxb5 26. Rxb5 {(=)}
Rdd2 27. e3 Bh6 28. Rb3 Rdc2 29. h4 g5 30. hxg5 Bxg5 31. Kg2 Rab2 32. Rxb2 Rxb2
33. Na5 Ra2 34. Nc6 e6 {(=)} 1/2-1/2

[Event "2.BLS 0506 SK Viernheim - OSC Baden Bad"]
[Site "?"]
[Date "2006.03.12"]
[Round "8.7"]
[White "Reefschlaeger, Helmut"]
[Black "Tresch, Ralf"]
[Result "1/2-1/2"]
[WhiteElo "2314"]
[BlackElo "2236"]
[PlyCount "74"]
[EventDate "2006.??.??"]

1. d4 Nf6 2. c4 e6 3. g3 Bb4+ 4. Bd2 Qe7 5. Bg2 O-O 6. Nf3 Bxd2+ 7. Qxd2 Ne4 8.
Qc2 Qb4+ 9. Nbd2 Nxd2 10. Nxd2 Nc6 11. e3 Qe7 12. O-O d6 13. d5 Nd8 14. Rac1 c5
15. e4 e5 16. f4 exf4 17. gxf4 f5 18. Nf3 fxe4 19. Ng5 Nf7 20. Qxe4 Qxe4 21.
Nxe4 Bf5 22. Ng3 Bd7 23. Rce1 Rae8 24. Re4 b5 25. cxb5 Bxb5 26. Rfe1 Rxe4 27.
Rxe4 Re8 28. Bh3 Rxe4 29. Nxe4 Bd3 30. Nc3 Kf8 31. Kf2 Ke7 32. Ke3 Ba6 33. Bf5
h6 34. h4 g5 35. fxg5 hxg5 36. hxg5 Nxg5 37. a3 Nf7 1/2-1/2

[Event "2.BLS 0506 SK Viernheim - OSC Baden Bad"]
[Site "?"]
[Date "2006.03.12"]
[Round "8.8"]
[White "Spiegel, Stefan Dr"]
[Black "Tammert, Iamze"]
[Result "1/2-1/2"]
[WhiteElo "2240"]
[BlackElo "2270"]
[PlyCount "89"]
[EventDate "2006.??.??"]

1. e4 g6 2. d4 Bg7 3. Nc3 c6 4. h3 d6 5. a4 Nf6 6. Nge2 O-O 7. g3 e5 8. Bg2
Nbd7 9. O-O Re8 10. Be3 Qa5 11. d5 c5 12. Nb5 Bf8 13. Nec3 Nh5 14. Na3 Qd8 15.
Nc4 a6 16. a5 b5 17. axb6 Nxb6 18. Na5 Ng7 19. Kh2 f5 20. Nc6 Qf6 21. Qc1 Nh5
22. exf5 gxf5 23. Bf3 Qg6 24. Qd1 Nf6 25. b3 Qf7 26. Bg5 e4 27. Be2 Bg7 28. Ra2
h6 29. Bxf6 Qxf6 30. Na4 Nxa4 31. Rxa4 f4 32. Bh5 Re5 33. Nxe5 Qxe5 34. Bg4
Bxg4 35. Qxg4 Qxd5 36. Rd1 Qe5 37. gxf4 Qe7 38. Rxa6 Rxa6 39. Qc8+ Qf8 40. Qxa6
Qxf4+ 41. Kg1 Bd4 42. Qc8+ Kf7 43. Qd7+ Kf6 44. Qd8+ Kf7 45. Qd7+ {(=)} 1/2-1/2

[Event "2.BLS 0506 Bad Mergentheim - Karlsruher"]
[Site "?"]
[Date "2006.03.12"]
[Round "8.1"]
[White "Delemarre, Jop"]
[Black "Ivanov, Mikhail M"]
[Result "1/2-1/2"]
[WhiteElo "2433"]
[BlackElo "2457"]
[PlyCount "68"]
[EventDate "2006.??.??"]

1. d4 Nf6 2. c4 g6 3. Nc3 Bg7 4. e4 d6 5. h3 O-O 6. Bg5 a6 7. a4 Qe8 8. Be2 e5
9. d5 a5 10. Bf3 Nfd7 11. Nb5 Na6 12. g4 Ndc5 13. Ra3 f5 14. Qe2 fxe4 15. Bxe4
Nxe4 16. Qxe4 Bd7 17. Be3 Bxb5 18. axb5 Nc5 19. Bxc5 Rf4 20. Qc2 dxc5 21. Ne2
Rf7 22. Qe4 Qe7 23. h4 Raf8 24. f3 b6 25. Rh3 Qd8 26. Kf2 Rf4 27. Nxf4 exf4 28.
g5 Bxb2 29. Ra2 Bd4+ 30. Kf1 Re8 31. Qxf4 Qe7 32. Qe4 Qf7 33. Qg4 Qe7 34. Qe4
Qf7 1/2-1/2

[Event "2.BLS 0506 Bad Mergentheim - Karlsruher"]
[Site "?"]
[Date "2006.03.12"]
[Round "8.2"]
[White "Karpatchev, Aleksandr"]
[Black "Gerstner, Wolfgang"]
[Result "1/2-1/2"]
[WhiteElo "2507"]
[BlackElo "2407"]
[PlyCount "82"]
[EventDate "2006.??.??"]

1. e4 c5 2. c3 e6 3. d4 d5 4. e5 Qb6 5. Nf3 Bd7 6. Na3 cxd4 7. cxd4 Nc6 8. Be2
Bb4+ 9. Kf1 h5 10. g3 Nge7 11. Nc2 Nf5 12. h3 Be7 13. Kg2 Rc8 14. Rb1 Nb4 15.
Nxb4 Qxb4 16. Bd2 Qb6 17. a4 a6 18. b4 Qd8 19. b5 a5 20. b6 Rc4 21. Bxa5 Bxa4
22. Qd2 Bc6 23. Bb4 O-O 24. g4 Nh4+ 25. Nxh4 Bxb4 26. Rxb4 Qxh4 27. Bf3 Rxb4
28. Qxb4 Ra8 29. Qb2 Qd8 30. Rb1 Ra4 31. Bd1 Rc4 32. Qd2 Ba4 33. Be2 Rc6 34.
Bd3 Rc8 35. Rc1 Rxc1 36. Qxc1 Bc6 37. Qc5 hxg4 38. hxg4 Qg5 39. Be2 Qd2 40. Bf3
Qb2 41. Bd1 g6 {(=)} 1/2-1/2

[Event "2.BLS 0506 Bad Mergentheim - Karlsruher"]
[Site "?"]
[Date "2006.03.12"]
[Round "8.3"]
[White "Karst, Elmar"]
[Black "Gasthofer, Alexander"]
[Result "0-1"]
[WhiteElo "2317"]
[BlackElo "2418"]
[PlyCount "118"]
[EventDate "2006.??.??"]

1. d4 d6 2. e4 Nf6 3. Nc3 e5 4. Nf3 Nbd7 5. Bc4 Be7 6. O-O O-O 7. Re1 c6 8. a4
b6 9. d5 Bb7 10. Re2 Rc8 11. b3 cxd5 12. Nxd5 Nxd5 13. Bxd5 Bxd5 14. Qxd5 Nf6
15. Qd1 d5 16. exd5 Qxd5 17. Qxd5 Nxd5 18. Nxe5 Nc3 19. Re1 Bb4 20. Nd3 Nd5 21.
Re2 Nc3 22. Re3 Nd5 {(=)} 23. Re4 Bc3 24. Ra2 Rfe8 25. Rxe8+ Rxe8 26. g3 f5 27.
Kg2 Kf7 28. Kf1 h6 29. h4 Kf6 30. Bb2 Bxb2 31. Rxb2 Nc3 32. Nb4 Ke5 33. Nc6+
Ke4 34. Nxa7 Kf3 35. Nb5 Nxb5 36. axb5 Re2 37. b4 Rxf2+ 38. Ke1 Kxg3 39. Rb3+
Kg2 40. c4 Rc2 41. c5 f4 42. Kd1 Ra2 43. cxb6 Ra8 44. Rb2+ Kg3 45. h5 f3 46.
Ke1 f2+ 47. Rxf2 Ra1+ 48. Ke2 Ra2+ 49. Ke3 Rxf2 50. Kd4 Rf8 51. Kd5 Kh4 52. b7
Kxh5 53. Kc6 g5 54. Kc7 g4 55. b6 g3 56. b8=Q Rxb8 57. Kxb8 g2 58. b7 g1=Q 59.
Kc8 Qg4+ 0-1

[Event "2.BLS 0506 Bad Mergentheim - Karlsruher"]
[Site "?"]
[Date "2006.03.12"]
[Round "8.4"]
[White "Gasthofer, Viktor"]
[Black "Werner, Clemens"]
[Result "1/2-1/2"]
[WhiteElo "2330"]
[BlackElo "2282"]
[PlyCount "84"]
[EventDate "2006.??.??"]

1. c4 e5 2. Nc3 Nf6 3. Nf3 Nc6 4. e3 Bb4 5. Qc2 O-O 6. Nd5 Be7 7. a3 d6 8. Be2
h6 9. O-O Be6 10. Nxe7+ Qxe7 11. d3 a5 {(=)} 12. b3 Bf5 13. Bb2 Rfe8 14. Rfe1
Bg6 15. Rac1 e4 16. dxe4 Bxe4 17. Qc3 Ne5 18. Nxe5 dxe5 19. f3 Bc6 20. Red1 b6
21. Rd2 Nd7 22. b4 axb4 23. axb4 f6 24. Bd1 Kh8 25. Bc2 Nf8 26. Ra1 Rxa1+ 27.
Bxa1 Rd8 28. Rxd8 Qxd8 29. Bb2 Be8 30. Qd3 Qxd3 31. Bxd3 Bg6 32. Be2 Ne6 33.
Kf2 Kg8 34. Ke1 Kf7 35. Kd2 Ke7 36. Bd1 Kd6 37. Ba3 c5 38. b5 Bf7 39. Bc2 Nd8
40. Kc3 Be6 41. Bc1 Nf7 42. Bg6 Ke7 1/2-1/2

[Event "2.BLS 0506 Bad Mergentheim - Karlsruher"]
[Site "?"]
[Date "2006.03.12"]
[Round "8.5"]
[White "Duschek, Volker"]
[Black "Bogdanovich, Grigory"]
[Result "1/2-1/2"]
[WhiteElo "2287"]
[BlackElo "2349"]
[PlyCount "66"]
[EventDate "2006.??.??"]

1. e4 c5 2. Nf3 Nf6 3. e5 Nd5 4. Nc3 Nxc3 5. dxc3 Nc6 6. Bf4 h6 7. h4 e6 8. Qd2
b6 9. O-O-O Bb7 10. Bd3 Qc7 11. Be4 O-O-O 12. c4 Na5 13. Bxb7+ Nxb7 14. Qc3 f5
15. h5 Be7 16. Rd3 Na5 17. Rhd1 Qc6 18. b3 Rhg8 {(=)} 19. Qd2 Qb7 20. Kb1 Nc6
21. g3 Qc7 22. Qe3 Nb8 23. Ng1 Nc6 24. Ne2 Qb7 25. Nc3 Nd4 26. Nb5 Nc6 27. Qf3
Rgf8 28. c3 Nb8 29. Qe3 Nc6 30. Kb2 Rf7 31. Qf3 Nb8 32. Qe3 Nc6 33. Qf3 Nb8
1/2-1/2

[Event "2.BLS 0506 Bad Mergentheim - Karlsruher"]
[Site "?"]
[Date "2006.03.12"]
[Round "8.6"]
[White "Schmidt-Schaeffer, Sebastian"]
[Black "Schlager, Thomas"]
[Result "1-0"]
[WhiteElo "2325"]
[BlackElo "2297"]
[PlyCount "58"]
[EventDate "2006.??.??"]

1. e4 Nf6 2. e5 Nd5 3. d4 d6 4. Nf3 Bg4 5. Be2 c6 6. Ng5 Bf5 7. Bd3 Bxd3 8.
Qxd3 dxe5 9. dxe5 e6 10. O-O Nd7 11. Re1 h6 12. Nf3 Qc7 13. a3 a5 14. c4 Ne7
15. b3 Rd8 16. Qc2 g5 17. Bb2 Ng6 18. Nbd2 Bg7 19. Ne4 g4 20. Nd6+ Kf8 21. Nd4
Ngxe5 22. c5 Nxc5 23. N6f5 Ncd3 24. Nxg7 Kxg7 25. Rxe5 Nxb2 26. Nxe6+ fxe6 27.
Qxb2 Kf7 28. Rae1 Rhe8 29. Qe2 Qd6 1-0

[Event "2.BLS 0506 Bad Mergentheim - Karlsruher"]
[Site "?"]
[Date "2006.03.12"]
[Round "8.7"]
[White "Preiss, Martin"]
[Black "Hauke, Christian"]
[Result "0-1"]
[WhiteElo "2296"]
[BlackElo "2267"]
[PlyCount "54"]
[EventDate "2006.??.??"]

1. c4 g6 2. g3 Bg7 3. Bg2 e5 4. Nc3 Nc6 5. Nf3 d6 6. O-O f5 7. d3 Nf6 8. Rb1 a5
9. a3 O-O 10. b4 axb4 11. axb4 h6 12. b5 Ne7 13. Bb2 g5 14. Ra1 Rb8 15. Ra7 f4
16. Ne1 Qe8 17. Nc2 Qh5 18. Ne4 Bh3 19. e3 g4 20. Nxf6+ Rxf6 21. exf4 Bxg2 22.
Kxg2 Rf5 23. f3 Qh3+ 24. Kg1 exf4 25. fxg4 fxg3 26. Rxf5 Qxh2+ 27. Kf1 g2+ 0-1

[Event "2.BLS 0506 Bad Mergentheim - Karlsruher"]
[Site "?"]
[Date "2006.03.12"]
[Round "8.8"]
[White "Kluss, Kai"]
[Black "Pfrommer, Christoph"]
[Result "0-1"]
[WhiteElo "2192"]
[BlackElo "2252"]
[PlyCount "82"]
[EventDate "2006.??.??"]

1. d4 d5 2. c4 dxc4 3. Nf3 Nf6 4. Nc3 e6 5. e4 Bb4 6. Bg5 c5 7. Bxc4 cxd4 8.
Nxd4 Qa5 9. Bb5+ Bd7 10. O-O Bxc3 11. Bxf6 Bxb5 12. Nb3 Qc7 13. Bxc3 Bxf1 14.
Qxf1 O-O 15. Qb5 Qd7 16. Qh5 Qe7 17. Re1 f6 18. Re3 Nc6 19. Rh3 g6 20. Rg3 Rf7
21. h4 Rd8 22. Qe2 e5 23. h5 g5 24. h6 Qd7 25. Kh2 Nd4 26. Nxd4 exd4 27. Bd2
Kh8 28. Qh5 Re8 29. Rf3 Rff8 30. g3 Qe6 31. Rb3 b6 32. f3 g4 33. Bb4 Rg8 34.
fxg4 Qxg4 35. Qf7 Qg6 36. Qxa7 Rxe4 37. Qa6 Qh5+ 38. Kg2 Re2+ 39. Kf1 Rc2 40.
Qb7 Qe2+ 41. Kg1 Qd1+ 0-1

[Event "2.BLS 0506 Stuttgarter SF - Bayern Münc"]
[Site "?"]
[Date "2006.03.12"]
[Round "8.1"]
[White "Marcelin, Cyril"]
[Black "Berezovsky, Igor"]
[Result "1/2-1/2"]
[WhiteElo "2463"]
[BlackElo "2433"]
[PlyCount "73"]
[EventDate "2006.??.??"]

1. d4 Nf6 2. Bg5 Ne4 3. Bf4 d5 4. e3 Nc6 5. Bd3 g5 6. Bg3 Bf5 7. Nd2 Nxg3 8.
hxg3 Bxd3 9. cxd3 Qd6 10. Ngf3 g4 11. Ne5 Nxe5 12. dxe5 Qxe5 13. Qxg4 c6 14.
Qf4 Bg7 15. Qxe5 Bxe5 16. O-O-O Bg7 17. Rh5 h6 18. Nf3 e6 19. Rdh1 Ke7 20. Kc2
c5 21. Nh2 Rac8 22. Ng4 d4 23. e4 c4 24. Nxh6 c3 25. b3 Bxh6 26. Rxh6 Rxh6 27.
Rxh6 Rc5 28. b4 Rc6 29. Rh1 Rb6 30. a3 a5 31. Kb3 axb4 32. axb4 Ra6 33. e5 Rc6
34. Kc2 Rb6 35. Kb3 Rc6 36. Kc2 Rb6 37. Kb3 1/2-1/2

[Event "2.BLS 0506 Stuttgarter SF - Bayern Münc"]
[Site "?"]
[Date "2006.03.12"]
[Round "8.2"]
[White "Benkovic, Petar"]
[Black "Renner, Christoph"]
[Result "1-0"]
[WhiteElo "2433"]
[BlackElo "2447"]
[PlyCount "73"]
[EventDate "2006.??.??"]

1. Nf3 Nf6 2. g3 d5 3. Bg2 c6 4. d3 Bg4 5. Nbd2 Nbd7 6. h3 Bxf3 7. Bxf3 e6 8.
e4 h5 9. Qe2 Qc7 10. h4 Ne5 11. Bg2 Neg4 12. Nb3 dxe4 13. dxe4 a5 14. a4 Bb4+
15. Bd2 O-O {(=)} 16. O-O Bd6 17. f4 e5 18. f5 Rfd8 19. Bg5 Be7 20. Bf3 Qb6+
21. Kh1 Qb4 22. Bd2 Qb6 23. Bg5 Qb4 24. Rfe1 Rd7 25. Bd2 Qb6 26. Rf1 Bc5 27.
Nxc5 Qxc5 28. Bg5 b6 29. c3 Raa7 30. Kg2 Rd6 31. Rad1 Rad7 32. Rxd6 Rxd6 33.
Bxg4 hxg4 34. Bxf6 Rxf6 35. Qxg4 Qc4 36. Rd1 g6 37. h5 1-0

[Event "2.BLS 0506 Stuttgarter SF - Bayern Münc"]
[Site "?"]
[Date "2006.03.12"]
[Round "8.3"]
[White "Meissner, Bernd-Guenther"]
[Black "Vujic, Branimir"]
[Result "1-0"]
[WhiteElo "2357"]
[BlackElo "2357"]
[PlyCount "57"]
[EventDate "2006.??.??"]

1. d4 d5 2. c4 e6 3. Nc3 Nf6 4. Bg5 Be7 5. e3 O-O 6. Nf3 Nbd7 7. cxd5 exd5 8.
Bd3 c6 9. O-O h6 10. Bh4 Re8 11. Qe2 Ne4 12. Bxe7 Qxe7 13. Rae1 Ndf6 14. Ne5
Ng4 15. Nxg4 Bxg4 16. f3 Nxc3 17. bxc3 Be6 18. e4 Qa3 19. e5 c5 20. f4 cxd4 21.
f5 Bd7 22. f6 gxf6 23. Qf2 dxc3 24. Qg3+ Kh8 25. Rxf6 Qf8 26. Qf4 Be6 27. Rxh6+
Kg8 28. Re3 Qc5 29. Qg5+ 1-0

[Event "2.BLS 0506 Stuttgarter SF - Bayern Münc"]
[Site "?"]
[Date "2006.03.12"]
[Round "8.4"]
[White "Reuss, Andreas"]
[Black "Lentrodt, Thomas"]
[Result "0-1"]
[WhiteElo "2339"]
[BlackElo "2312"]
[PlyCount "116"]
[EventDate "2006.??.??"]

1. d4 f5 2. Qd3 d5 3. c4 e6 4. Nc3 Nf6 5. Bg5 Be7 6. e3 O-O 7. Qc2 c6 8. Bd3
Na6 9. a3 Nc7 10. Nf3 Nce8 11. Ne5 Nd6 12. f3 Nd7 13. Bxe7 Qxe7 14. Nxd7 Bxd7
15. c5 Ne8 16. O-O e5 17. Qf2 Nc7 18. Rae1 Rae8 19. Kh1 Qf6 20. f4 e4 21. Be2
Re6 22. g3 Qh6 23. Rg1 Rg6 24. Rg2 Ne8 25. Reg1 Nf6 26. h3 Qxh3+ 27. Rh2 Ng4
28. Bxg4 Qxg4 29. Rh4 Rh6 30. Rxh6 gxh6 31. Kg2 Be8 32. Qe2 Qxe2+ 33. Nxe2 Bh5
34. Nc3 Kf7 35. Kf2 Bf3 36. Nb1 Ke7 37. Nd2 Bg4 38. Rh1 h5 39. Rc1 Kd7 40. Nf1
Rf6 41. Nh2 Rg6 42. b4 Bh3 43. a4 h6 44. b5 Kc7 45. Rb1 b6 46. Rh1 Bg4 47. Rc1
Kb7 48. Rb1 Rg8 49. Nf1 Bf3 50. Nd2 h4 51. Nxf3 hxg3+ 52. Kg2 exf3+ 53. Kxf3 g2
54. Kf2 g1=Q+ 55. Rxg1 Rxg1 56. Kxg1 bxc5 57. dxc5 cxb5 58. axb5 a6 0-1

[Event "2.BLS 0506 Stuttgarter SF - Bayern Münc"]
[Site "?"]
[Date "2006.03.12"]
[Round "8.5"]
[White "Reich, Thomas"]
[Black "Heinatz, Thomas"]
[Result "1-0"]
[WhiteElo "2395"]
[BlackElo "2295"]
[PlyCount "95"]
[EventDate "2006.??.??"]

1. d4 Nf6 2. c4 g6 3. Nc3 d5 4. Nf3 Bg7 5. cxd5 Nxd5 6. e3 O-O 7. Bc4 Nxc3 8.
bxc3 c5 9. O-O Nc6 10. Ba3 Na5 11. Be2 cxd4 12. cxd4 Be6 13. Bb4 Bd5 14. Qa4
Nc6 15. Ba3 Qd7 16. Rfd1 Rfd8 17. Rac1 Bh6 18. Qc2 Rac8 19. Qb1 Qe6 20. Nd2
Nxd4 21. Bf1 Nc6 22. Qxb7 Rb8 23. Qa6 Nb4 24. Bxb4 Qxa6 25. Bxa6 Rxb4 26. Nb3
Rd6 27. Bf1 Ra4 28. Rd2 Ra3 29. Rcd1 Be6 30. Rxd6 exd6 31. Rxd6 Rxa2 32. Nc5
Bf8 33. Rd8 Bf5 34. Nd7 Bxd7 35. Rxd7 Ra1 36. g3 a5 37. Kg2 Rc1 38. Bb5 Kg7 39.
Ba4 Rc3 40. Rb7 Bb4 41. Be8 Rc8 42. Bxf7 Kf6 43. f4 Rc2+ 44. Kf3 g5 45. Bb3
Rxh2 46. Rf7+ Kg6 47. f5+ Kh5 48. Rg7 1-0

[Event "2.BLS 0506 Stuttgarter SF - Bayern Münc"]
[Site "?"]
[Date "2006.03.12"]
[Round "8.6"]
[White "Lorscheid, Gerhard"]
[Black "Deglmann, Ludwig"]
[Result "1-0"]
[WhiteElo "2262"]
[BlackElo "2378"]
[PlyCount "129"]
[EventDate "2006.??.??"]

1. d4 f5 2. g3 Nf6 3. Bg2 g6 4. c3 Bg7 5. Qb3 Nc6 6. Nd2 d5 7. Nh3 a5 8. a4 e6
9. Nf3 O-O 10. Nf4 Ne4 11. h4 b6 12. O-O Qe8 13. Nd3 Ba6 14. Bf4 Rc8 15. Rfe1
Qe7 16. Qa3 Qxa3 17. Rxa3 Nd6 18. Bxd6 cxd6 19. Ng5 Nd8 20. Nf4 Re8 21. Rb3 Rb8
22. Nfxe6 Nxe6 23. Nxe6 Bc4 24. Nxg7 Kxg7 25. Ra3 b5 26. axb5 Rxb5 27. e3 Ra8
28. b4 a4 29. Bf1 Bxf1 30. Kxf1 Rb7 31. Rea1 Rba7 32. b5 Kf6 33. Rb1 Rb7 34.
Rb4 h6 35. Ke2 Ra5 36. Kf3 Rbxb5 37. Rxb5 Rxb5 38. Rxa4 Rb2 39. c4 dxc4 40.
Rxc4 Ke6 41. Rc8 Ra2 42. Rb8 Rd2 43. Rb1 Kf6 44. Re1 Ra2 45. Re2 Ra1 46. Kf4
Rb1 47. Ra2 Rf1 48. f3 Rb1 49. Ra7 Re1 50. Rc7 Rg1 51. d5 Rd1 52. e4 fxe4 53.
fxe4 Rf1+ 54. Ke3 Re1+ 55. Kf3 g5 56. hxg5+ Kxg5 57. Rd7 Rf1+ 58. Ke3 Rf6 59.
e5 dxe5 60. Ke4 Rg6 61. Ra7 Rg8 62. Kxe5 Re8+ 63. Kd4 Re1 64. Ra3 Kf5 65. Re3
1-0

[Event "2.BLS 0506 Stuttgarter SF - Bayern Münc"]
[Site "?"]
[Date "2006.03.12"]
[Round "8.7"]
[White "Unzicker, Ferdinand Dr"]
[Black "Fritsch, Rolf"]
[Result "1-0"]
[WhiteElo "2256"]
[BlackElo "2220"]
[PlyCount "140"]
[EventDate "2006.??.??"]

1. d4 g6 2. c4 Bg7 3. Nc3 d6 4. e4 e5 5. d5 f5 6. exf5 gxf5 7. Qh5+ Kf8 8. f4
Nf6 9. Qd1 e4 10. Be2 a5 11. Nh3 Na6 12. Nf2 Qe8 13. Be3 Bd7 14. Qd2 a4 15. Bd4
Nc5 16. Ncd1 b6 17. Ne3 Qg6 18. O-O-O h5 19. g3 Ng4 20. Bxg4 hxg4 21. Qc3 Bxd4
22. Qxd4 Qg7 23. Qxg7+ Kxg7 24. Kc2 Kf6 25. h3 gxh3 26. Rh2 b5 27. cxb5 Rag8
28. Rg1 Bxb5 29. Rxh3 Rxh3 30. Nxh3 Be2 31. Ng5 Rh8 32. Kc3 Bd3 33. Kd4 Rh2 34.
Rg2 Rxg2 35. Nxg2 Bb1 36. a3 Bd3 37. Ne3 Be2 38. Nh3 Bh5 39. Nf2 Bf3 40. Nc4
Be2 41. Ne3 Kg6 42. Kc3 Bb5 43. Kb4 Bd7 44. Nc4 Kf6 45. Kc3 Ke7 46. Ne3 Kf7 47.
Nfd1 Kf6 48. Nc2 c6 49. dxc6 Bxc6 50. Nd4 Bd7 51. b3 axb3 52. Nxb3 Ne6 53. Nd4
Ng7 54. Kb4 Nh5 55. Ne2 Ke7 56. Ndc3 Kd8 57. Nb5 Ke7 58. a4 Bc8 59. Ka5 Bb7 60.
Kb4 Bd5 61. a5 e3 62. Nbd4 Be4 63. a6 Kd7 64. Nc3 Nf6 65. Nxe4 fxe4 66. a7 Nd5+
67. Kb3 Nc7 68. f5 d5 69. f6 Ne6 70. a8=Q Nxd4+ 1-0

[Event "2.BLS 0506 Stuttgarter SF - Bayern Münc"]
[Site "?"]
[Date "2006.03.12"]
[Round "8.8"]
[White "Migl, Dieter"]
[Black "Schuetz, Guenter"]
[Result "0-1"]
[WhiteElo "2213"]
[BlackElo "2211"]
[PlyCount "78"]
[EventDate "2006.??.??"]

1. e4 c5 2. c3 d5 3. exd5 Qxd5 4. d4 cxd4 5. cxd4 Nc6 6. Nf3 e5 7. Nc3 Bb4 8.
Be2 e4 9. O-O Bxc3 10. bxc3 Nf6 11. Ne5 O-O 12. Ba3 Nxe5 13. dxe5 Qxe5 14. Bxf8
Kxf8 15. Qd8+ Qe8 16. Qxe8+ Kxe8 17. Rfe1 Be6 18. f3 Rc8 19. Rac1 Kf8 20. c4
Rc5 21. fxe4 b6 22. Bd3 Ng4 23. h3 Ne5 24. Bf1 Ke7 25. Kf2 Ra5 26. Rc2 Kd6 27.
Rb1 Ra4 28. Rb5 Nxc4 29. Bxc4 Bxc4 30. Rd2+ Ke6 31. Rbb2 Ke5 32. Rd7 Bxa2 33.
Ke3 Rxe4+ 34. Kf3 Rf4+ 35. Kg3 Ra4 36. Re2+ Kf6 37. Ree7 a6 38. Re8 b5 39. Ra8
Bc4 0-1

[Event "2.BLS 0506 SC HP Böblingen - SG Turm Tr"]
[Site "?"]
[Date "2006.03.12"]
[Round "8.1"]
[White "Jaracz, Pawel"]
[Black "Dausch, Rene"]
[Result "1/2-1/2"]
[WhiteElo "2492"]
[BlackElo "2387"]
[PlyCount "44"]
[EventDate "2006.??.??"]

1. e4 Nf6 2. e5 Nd5 3. d4 d6 4. Nf3 dxe5 5. Nxe5 c6 6. Bc4 Nd7 7. Nd3 g6 8. Nd2
Bg7 9. Nf3 O-O 10. Bb3 a5 11. c3 b6 12. O-O Ba6 13. Re1 e6 14. Bg5 Qc7 15. c4
N5f6 16. Rc1 Qb7 17. Nfe5 c5 18. Ba4 Rac8 19. dxc5 Nxe5 20. Nxe5 Rfd8 21. c6
Rxd1 22. cxb7 Rxe1+ {(=)} 1/2-1/2

[Event "2.BLS 0506 SC HP Böblingen - SG Turm Tr"]
[Site "?"]
[Date "2006.03.12"]
[Round "8.2"]
[White "Gheng, Josef"]
[Black "Flumbort, Andras"]
[Result "0-1"]
[WhiteElo "2341"]
[BlackElo "2448"]
[PlyCount "156"]
[EventDate "2006.??.??"]

1. e4 c5 2. Nf3 Nc6 3. d4 cxd4 4. Nxd4 Nf6 5. Nc3 e5 6. Ndb5 d6 7. Bg5 a6 8.
Na3 b5 9. Nd5 Be7 10. Bxf6 Bxf6 11. c3 Ne7 12. Nxf6+ gxf6 13. Qf3 f5 14. exf5
Bxf5 15. Bd3 Be6 16. Qh5 Qb6 17. Nc2 Nd5 18. Qf3 Rc8 19. Be4 Nf4 20. g3 f5 21.
gxf4 fxe4 22. Qh5+ Bf7 23. Qf5 Rc5 24. Rg1 b4 25. Rg7 Rf8 26. Rd1 bxc3 27. b4
Rc7 28. fxe5 d5 29. Qxh7 Be6 30. Qg6+ Rcf7 31. Rd4 Ke7 32. Qf6+ Ke8 33. Qg6 Ke7
34. Qg5+ Kd7 35. Rxf7+ Rxf7 36. Qe3 Qc7 37. Qxe4 Rg7 38. h3 Kc8 39. Qf4 Qd7 40.
Qf8+ Kb7 41. Qc5 Qa4 42. Ne3 Qxa2 43. Qxc3 Rg1+ 44. Nf1 Qb1+ 45. Rd1 Rxf1+ 46.
Kxf1 Qxd1+ 47. Kg2 Qh5 48. f4 Qg6+ 49. Kf2 Qf5 50. Qg3 Qc2+ 51. Kg1 Qd1+ 52.
Kf2 Qd4+ 53. Kg2 Qe4+ 54. Kf2 Qh7 55. h4 d4 56. Qf3+ Kb6 57. h5 Qc2+ 58. Kg1
Qc1+ 59. Kh2 Qd2+ 60. Kg3 Bf5 61. Kh4 d3 62. Kg5 Qe2 63. Qd5 Qg4+ 64. Kf6 Qxf4
65. Qc5+ Kb7 66. Qd5+ Kb8 67. Qd6+ Kc8 68. Qxa6+ Kd7 69. Qb7+ Kd8 70. Qb8+ Bc8+
71. Kg6 Qg4+ 72. Kh6 Qe6+ 73. Kg7 d2 74. Qd6+ Qxd6 75. exd6 d1=Q 76. h6 Bf5 77.
b5 Qxd6 78. b6 Ke7 0-1

[Event "2.BLS 0506 SC HP Böblingen - SG Turm Tr"]
[Site "?"]
[Date "2006.03.12"]
[Round "8.3"]
[White "Seger, Ruediger"]
[Black "Bauer, Peter"]
[Result "1-0"]
[WhiteElo "2413"]
[BlackElo "2295"]
[PlyCount "139"]
[EventDate "2006.??.??"]

1. e4 e5 2. Nf3 Nc6 3. Bb5 a6 4. Bxc6 dxc6 5. O-O Qd6 6. Na3 b5 7. c3 f6 8. Nc2
Nh6 9. d4 Nf7 10. Qe2 Bg4 11. Rd1 Qe6 12. dxe5 Nxe5 13. Ncd4 Bxf3 14. gxf3 Qh3
15. f4 Ng6 16. Rd3 Qc8 17. Qh5 Qd7 18. f5 c5 19. fxg6 O-O-O 20. Bf4 cxd4 21.
Rxd4 Qe6 22. Rxd8+ Kxd8 23. Qh4 Bd6 24. Bxd6 cxd6 25. a4 Qe5 26. axb5 Qxb5 27.
b4 Kc7 28. gxh7 Kb7 29. Rd1 Qd7 30. Qg3 Kc7 31. c4 Rxh7 32. c5 Rh3 33. Qf4 g5
34. Qxd6+ Qxd6 35. Rxd6 Rb3 36. Rxf6 Rxb4 37. Rxa6 Rxe4 38. Rg6 Rg4+ 39. Kf1
Kb7 40. c6+ Kc7 41. f3 Rf4 42. Kg2 Rf5 43. Kg3 Kc8 44. Re6 Rf4 45. Re5 Rc4 46.
Rxg5 Rxc6 47. Re5 Rg6+ 48. Kf4 Rh6 49. Re2 Rh8 50. Kg5 Rg8+ 51. Kh6 Rf8 52. Re3
Rh8+ 53. Kg7 Rxh2 54. f4 Rf2 55. Re4 Kd7 56. Kf6 Kd6 57. f5 Kd7 58. Kg6 Rg2+
59. Kf7 Kd6 60. f6 Rf2 61. Kg7 Rg2+ 62. Kf8 Kd7 63. f7 Rf2 64. Re3 Rg2 65. Rd3+
Kc7 66. Rd4 Kc6 67. Ke7 Re2+ 68. Kf6 Rf2+ 69. Ke6 Kc7 70. Rd5 1-0

[Event "2.BLS 0506 SC HP Böblingen - SG Turm Tr"]
[Site "?"]
[Date "2006.03.12"]
[Round "8.4"]
[White "Ortmann, David"]
[Black "Galyas, Miklos"]
[Result "1/2-1/2"]
[WhiteElo "2294"]
[BlackElo "2424"]
[PlyCount "50"]
[EventDate "2006.??.??"]

1. Nf3 Nf6 2. c4 g6 3. Nc3 Bg7 4. e4 d6 5. d4 O-O 6. Be2 e5 7. O-O Na6 8. Be3
Ng4 9. Bg5 Qe8 10. dxe5 dxe5 11. h3 f6 12. Bd2 Nh6 13. c5 Nxc5 14. Qc2 Nf7 15.
Nd5 Ne6 16. Nxc7 Nxc7 17. Qxc7 Nd8 18. Rfd1 Rf7 19. Bc4 Be6 20. Bxe6 Qxe6 21.
Qa5 Rd7 22. Bc3 Nc6 23. Qa4 Rad8 24. Rxd7 Rxd7 25. a3 a6 {(=)} 1/2-1/2